00659nam a2200205Ia 450000500170000000800410001702000180005804000180007604100080009408200200010210000230012224500740014525000120021926000550023130000260028665000530031265000320036565000350039770000210043220220203101924.0210716s2009 xx 000 0 und d a9788120338357 cAIMIT LIBRARY aeng a658.4 27bGREJ aGreenberg, Jerald. aBehavior in organizations /cBy Jerald Greenberg and Robert A. Baron. a9th ed. aNew Delhi :bPHI Learning private limited ;c2009. aXxiv, 775p. ;c28 cm. aOrganizational culture creativity and innovation aLeadership in organizations aCommunication in organizations aBaron, Robert A.